Lord of the Rings: Where is the Character from? - Statistics

General Stats
  • This quiz has been taken 122 times
  • The average score is 12 of 15
Answer Stats
Hint Answer % Correct
Frodo The Shire
99%
Sauron Mordor
95%
Théoden Rohan
95%
Elrond Rivendell
94%
Saruman Isengard
92%
Aragorn Gondor
91%
Galadriel Lothlorien
89%
Legolas Mirkwood
89%
Durin Moria
86%
Barliman Butterbur Bree
80%
Gimli Erebor
75%
Tom Bombadil The Old Forest
54%
Círdan The Grey Havens
53%
Imrahil Dol Amroth
44%
Ghân-buri-Ghân Drúadan Forest
16%
No matching quizzes found
Score Distribution
Percent of People with Each Score
Percentile by Number Answered
Your Score History
You have not taken this quiz